Whatever it takes / (Record no. 586431)

000 -LEADER
fixed length control field 00580nam a22002417a 4500
003 - CONTROL NUMBER IDENTIFIER
control field NUST
005 - DATE AND TIME OF LATEST TRANSACTION
control field 20210908115500.0
008 - FIXED-LENGTH DATA ELEMENTS--GENERAL INFORMATION
fixed length control field 210908b ||||| |||| 00| 0 eng d
020 ## - INTERNATIONAL STANDARD BOOK NUMBER
International Standard Book Number 9780755371358
038 ## - RECORD CONTENT LICENSOR
Staff Name Arshad
040 ## - CATALOGING SOURCE
Original cataloging agency NUST
041 ## - LANGUAGE CODE
Language code of text/sound track or separate title eng
082 ## - DEWEY DECIMAL CLASSIFICATION NUMBER
Classification number 823.92
Author Mark PAR
100 ## - MAIN ENTRY--PERSONAL NAME
Personal name Parks, Adele
9 (RLIN) 82260
245 ## - TITLE STATEMENT
Title Whatever it takes /
Statement of responsibility, etc. Adele Parks
260 ## - PUBLICATION, DISTRIBUTION, ETC.
Place of publication, distribution, etc. UK:
Name of publisher, distributor, etc. Headline review,
Date of publication, distribution, etc. 2012
300 ## - PHYSICAL DESCRIPTION
Extent 449 p.
563 ## - BINDING INFORMATION
Binding note pbk
650 ## - SUBJECT ADDED ENTRY--TOPICAL TERM
Topical term or geographic name entry element England--Dartmouth
9 (RLIN) 82261
650 ## - SUBJECT ADDED ENTRY--TOPICAL TERM
Topical term or geographic name entry element Women
650 ## - SUBJECT ADDED ENTRY--TOPICAL TERM
Topical term or geographic name entry element Life change events
9 (RLIN) 82262
942 ## - ADDED ENTRY ELEMENTS (KOHA)
Source of classification or shelving scheme
Koha item type Book
Holdings
Withdrawn status Lost status Source of classification or shelving scheme Damaged status Not for loan Permanent Location Current Location Shelving location Date acquired Total Checkouts Full call number Barcode Date last seen Date last checked out Price effective from Koha item type
          Central Library (CL) Central Library (CL) Fiction 09/08/2021 3 823.92 PAR CL3150 10/15/2025 07/11/2025 09/08/2021 Book
© 2023 Central Library, National University of Sciences and Technology. All Rights Reserved.